Idaho Superlatives - Statistics

General Stats
  • This quiz has been taken 38 times
  • The average score is 9 of 12
Answer Stats
Hint Answer % Correct
Largest City Boise
100%
Busiest Airport Boise Airport
100%
Lowest Point Confluence of Snake and Clearwater Rivers at Lewiston
100%
Longest River Snake River
100%
Largest County (Population) Ada
88%
Largest four-year college or university (by total enrollment) BYU-Idaho or Boise State (too close to call)
88%
Largest County (Area) Idaho
78%
Highest Point Borah Peak
75%
All-Time Highest Recorded Temperature (°F) 118°F (Orofino)
66%
Largest Lake Lake Pend Oreille
56%
All-Time Lowest Recorded Temperature (°F) -60°F (Island Park)
47%
Oldest continuously inhabited settlement Franklin
19%
No matching quizzes found
Score Distribution
Percent of People with Each Score
Percentile by Number Answered
Your Score History
You have not taken this quiz